| 000 | 00743nam a22002297a 4500 | ||
|---|---|---|---|
| 999 |
_c2300 _d2300 |
||
| 001 | 2300 | ||
| 003 | BD-JhCC | ||
| 005 | 20171031211122.0 | ||
| 008 | 171031s2008 bg |||| |||| 000 0 b d | ||
| 020 | _a9847015600464 | ||
| 035 | _a(BD-JhCC)2300 | ||
| 040 |
_aBD-JhCC _dBD-JhCC |
||
| 041 | _aben | ||
| 082 |
_a954.91 _bALI 2008 |
||
| 100 | _aআলী, সৈয়দ আশব়াফ | ||
| 245 |
_aপাকিস্তানের পথে-প্রান্তরে / _cসৈয়দ আশব়াফ আলী |
||
| 260 |
_aঢাকা : _bমাওলা ব্রাদার্স, _c২০০৮. |
||
| 300 |
_a৭৭ পৃ. : _c২২ সেমি . |
||
| 650 |
_aTravel _zPakistan |
||
| 942 |
_2ddc _cBK |
||